| 000 | 00599nam a2200205 4500 | ||
|---|---|---|---|
| 003 | OSt | ||
| 005 | 20240722064749.0 | ||
| 006 | a | ||
| 008 | 240722b |||||||| |||| 00| 0 eng d | ||
| 020 | _a9780736077392 | ||
| 040 |
_aDWCL-HMN lib. _cOC |
||
| 082 | _aCirc. 613.7176 S969n 2009 | ||
| 100 | _aSvensson, Malin | ||
| 245 | _aNordic walking : outdoor adventures / | ||
| 260 |
_aChampaign, Ill. : _bHuman Kinetics, _cc2009. |
||
| 300 |
_ax, _b205 p. : col. ill. ; _c26 cm. |
||
| 504 | _aIncludes bibliographical references. | ||
| 650 | _a1. Fitness walking. | ||
| 942 |
_2ddc _n0 _cBK-CIRC _kCirc. |
||
| 999 |
_c2529 _d2529 |
||